000 01618nam a22002777a 4500
005 20110426154449.0
008 090408t xxu||||| |||| 00| 0 hin d
010 _aHIN-96612
020 _a9788179755242
_c450.00
035 _aHN-68958
037 _bDBAD / PUB
040 _aDPL
_bHN
082 _a820.8
100 _aमीणा,ओंकारलाल
_927482
245 _aस्त्री साहित्य का सौंदर्यशास्त्र /
_cओंकारलाल मीणा;अनिरूद्ध कुमार एवंम अनिल कुमार सिंह द्वारा संपादित
260 _aनई दिल्ली
_bअनामिका पब्लिशर्स एंड डिस्ट्रीब्यूटर्स
_c2012
270 _a4697/3,21 ए,अंसारी रोड,दरिया गंज
_bनई दिल्ली
_e110002
_k011-23281655
_l011-27868035
300 _a254पृ
_c22 सेमी (सजिल्द)
650 _91169
650 _91170
700 _927483
_aअनिरूद्ध कुमार
710 _aअनिल कुमार सिंह
_952094
942 _adpl
_cHN
_2ddc
_mमीणाओं
_h820.8
999 _c64026
_d64026